2007 College Football AP Poll - Statistics

General Stats
  • This quiz has been taken 50 times
  • The average score is 305 of 400
Answer Stats
Week Rank Team W L Conference % Correct
Week 3 (9/16) 16 Alabama 3 0 SEC
96%
Week 4 (9/23) 22 Alabama 3 1 SEC
96%
Week 8 (10/21) 22 Alabama 6 2 SEC
96%
Week 9 (10/28) 17 Alabama 6 2 SEC
96%
Week 10 (11/4) 21 Alabama 6 3 SEC
96%
Preseason 2 LSU 0 0 SEC
96%
Week 1 (9/4) 2 LSU 1 0 SEC
96%
Week 2 (9/9) 2 LSU 2 0 SEC
96%
Week 3 (9/16) 2 LSU 3 0 SEC
96%
Week 4 (9/23) 2 LSU 4 0 SEC
96%
Week 5 (9/30) 1 LSU 5 0 SEC
96%
Week 6 (10/7) 1 LSU 6 0 SEC
96%
Week 7 (10/14) 5 LSU 6 1 SEC
96%
Week 8 (10/21) 3 LSU 7 1 SEC
96%
Week 9 (10/28) 3 LSU 7 1 SEC
96%
Week 10 (11/4) 2 LSU 8 1 SEC
96%
Week 11 (11/11) 1 LSU 9 1 SEC
96%
Week 12 (11/18) 1 LSU 10 1 SEC
96%
Week 13 (11/25) 5 LSU 10 2 SEC
96%
Week 14 (12/2) 2 LSU 11 2 SEC
96%
Postseason 1 LSU 12 2 SEC
96%
Preseason 5 Michigan 0 0 Big Ten
92%
Week 7 (10/14) 24 Michigan 5 2 Big Ten
92%
Week 8 (10/21) 19 Michigan 6 2 Big Ten
92%
Week 9 (10/28) 15 Michigan 7 2 Big Ten
92%
Week 10 (11/4) 13 Michigan 8 2 Big Ten
92%
Week 11 (11/11) 23 Michigan 8 3 Big Ten
92%
Postseason 18 Michigan 9 4 Big Ten
92%
Preseason 11 Ohio State 0 0 Big Ten
92%
Week 1 (9/4) 12 Ohio State 2 0 Big Ten
92%
Week 2 (9/9) 10 Ohio State 2 0 Big Ten
92%
Week 3 (9/16) 8 Ohio State 3 0 Big Ten
92%
Week 4 (9/23) 8 Ohio State 4 0 Big Ten
92%
Week 5 (9/30) 4 Ohio State 5 0 Big Ten
92%
Week 6 (10/7) 3 Ohio State 6 0 Big Ten
92%
Week 7 (10/14) 1 Ohio State 7 0 Big Ten
92%
Week 8 (10/21) 1 Ohio State 8 0 Big Ten
92%
Week 9 (10/28) 1 Ohio State 9 0 Big Ten
92%
Week 10 (11/4) 1 Ohio State 10 0 Big Ten
92%
Week 11 (11/11) 7 Ohio State 10 1 Big Ten
92%
Week 12 (11/18) 5 Ohio State 11 1 Big Ten
92%
Week 13 (11/25) 3 Ohio State 11 1 Big Ten
92%
Week 14 (12/2) 1 Ohio State 11 1 Big Ten
92%
Postseason 5 Ohio State 11 2 Big Ten
92%
Week 2 (9/9) 19 Oregon 2 0 Pacific-10
92%
Week 3 (9/16) 13 Oregon 3 0 Pacific-10
92%
Week 4 (9/23) 11 Oregon 4 0 Pacific-10
92%
Week 5 (9/30) 14 Oregon 4 1 Pacific-10
92%
Week 6 (10/7) 9 Oregon 4 1 Pacific-10
92%
Week 7 (10/14) 7 Oregon 5 1 Pacific-10
92%
Week 8 (10/21) 5 Oregon 6 1 Pacific-10
92%
Week 9 (10/28) 4 Oregon 7 1 Pacific-10
92%
Week 10 (11/4) 3 Oregon 8 1 Pacific-10
92%
Week 11 (11/11) 2 Oregon 8 1 Pacific-10
92%
Week 12 (11/18) 9 Oregon 8 2 Pacific-10
92%
Week 13 (11/25) 18 Oregon 8 3 Pacific-10
92%
Postseason 23 Oregon 9 4 Pacific-10
92%
Preseason 4 Texas 0 0 Big 12
92%
Week 1 (9/4) 7 Texas 1 0 Big 12
92%
Week 2 (9/9) 6 Texas 2 0 Big 12
92%
Week 3 (9/16) 7 Texas 3 0 Big 12
92%
Week 4 (9/23) 7 Texas 4 0 Big 12
92%
Week 5 (9/30) 19 Texas 4 1 Big 12
92%
Week 6 (10/7) 23 Texas 4 2 Big 12
92%
Week 7 (10/14) 19 Texas 5 2 Big 12
92%
Week 8 (10/21) 17 Texas 6 2 Big 12
92%
Week 9 (10/28) 14 Texas 7 2 Big 12
92%
Week 10 (11/4) 15 Texas 8 2 Big 12
92%
Week 11 (11/11) 12 Texas 9 2 Big 12
92%
Week 12 (11/18) 13 Texas 9 2 Big 12
92%
Week 13 (11/25) 17 Texas 9 3 Big 12
92%
Week 14 (12/2) 17 Texas 9 3 Big 12
92%
Postseason 10 Texas 10 3 Big 12
92%
Preseason 6 Florida 0 0 SEC
88%
Week 1 (9/4) 4 Florida 1 0 SEC
88%
Week 2 (9/9) 5 Florida 2 0 SEC
88%
Week 3 (9/16) 3 Florida 3 0 SEC
88%
Week 4 (9/23) 4 Florida 4 0 SEC
88%
Week 5 (9/30) 9 Florida 4 1 SEC
88%
Week 6 (10/7) 13 Florida 4 2 SEC
88%
Week 7 (10/14) 14 Florida 4 2 SEC
88%
Week 8 (10/21) 9 Florida 5 2 SEC
88%
Week 9 (10/28) 18 Florida 5 3 SEC
88%
Week 10 (11/4) 17 Florida 6 3 SEC
88%
Week 11 (11/11) 14 Florida 7 3 SEC
88%
Week 12 (11/18) 12 Florida 8 3 SEC
88%
Week 13 (11/25) 10 Florida 9 3 SEC
88%
Week 14 (12/2) 9 Florida 9 3 SEC
88%
Postseason 13 Florida 9 4 SEC
88%
Preseason 1 USC 0 0 Pacific-10
88%
Week 1 (9/4) 1 USC 1 0 Pacific-10
88%
Week 2 (9/9) 1 USC 1 0 Pacific-10
88%
Week 3 (9/16) 1 USC 2 0 Pacific-10
88%
Week 4 (9/23) 1 USC 3 0 Pacific-10
88%
Week 5 (9/30) 2 USC 4 0 Pacific-10
88%
Week 6 (10/7) 10 USC 4 1 Pacific-10
88%
Week 7 (10/14) 13 USC 5 1 Pacific-10
88%
Week 8 (10/21) 9 USC 6 1 Pacific-10
88%
Week 9 (10/28) 13 USC 6 2 Pacific-10
88%
Week 10 (11/4) 12 USC 7 2 Pacific-10
88%
Week 11 (11/11) 11 USC 8 2 Pacific-10
88%
Week 12 (11/18) 11 USC 8 2 Pacific-10
88%
Week 13 (11/25) 8 USC 9 2 Pacific-10
88%
Week 14 (12/2) 6 USC 10 2 Pacific-10
88%
Postseason 3 USC 11 2 Pacific-10
88%
Preseason 19 Florida State 0 0 ACC
85%
Week 6 (10/7) 21 Florida State 4 1 ACC
85%
Preseason 13 Georgia 0 0 SEC
85%
Week 1 (9/4) 11 Georgia 1 0 SEC
85%
Week 2 (9/9) 23 Georgia 1 1 SEC
85%
Week 3 (9/16) 22 Georgia 2 1 SEC
85%
Week 4 (9/23) 15 Georgia 3 1 SEC
85%
Week 5 (9/30) 12 Georgia 4 1 SEC
85%
Week 6 (10/7) 24 Georgia 4 2 SEC
85%
Week 7 (10/14) 21 Georgia 5 2 SEC
85%
Week 8 (10/21) 20 Georgia 5 2 SEC
85%
Week 9 (10/28) 10 Georgia 6 2 SEC
85%
Week 10 (11/4) 10 Georgia 7 2 SEC
85%
Week 11 (11/11) 8 Georgia 8 2 SEC
85%
Week 12 (11/18) 6 Georgia 9 2 SEC
85%
Week 13 (11/25) 4 Georgia 10 2 SEC
85%
Week 14 (12/2) 4 Georgia 10 2 SEC
85%
Postseason 2 Georgia 11 2 SEC
85%
Week 6 (10/7) 20 Kansas 5 0 Big 12
85%
Week 7 (10/14) 15 Kansas 6 0 Big 12
85%
Week 8 (10/21) 12 Kansas 7 0 Big 12
85%
Week 9 (10/28) 8 Kansas 8 0 Big 12
85%
Week 10 (11/4) 5 Kansas 9 0 Big 12
85%
Week 11 (11/11) 4 Kansas 10 0 Big 12
85%
Week 12 (11/18) 2 Kansas 11 0 Big 12
85%
Week 13 (11/25) 7 Kansas 11 1 Big 12
85%
Week 14 (12/2) 8 Kansas 11 1 Big 12
85%
Postseason 7 Kansas 12 1 Big 12
85%
Preseason 8 Oklahoma 0 0 Big 12
85%
Week 1 (9/4) 5 Oklahoma 1 0 Big 12
85%
Week 2 (9/9) 3 Oklahoma 2 0 Big 12
85%
Week 3 (9/16) 4 Oklahoma 3 0 Big 12
85%
Week 4 (9/23) 3 Oklahoma 4 0 Big 12
85%
Week 5 (9/30) 10 Oklahoma 4 1 Big 12
85%
Week 6 (10/7) 6 Oklahoma 5 1 Big 12
85%
Week 7 (10/14) 4 Oklahoma 6 1 Big 12
85%
Week 8 (10/21) 4 Oklahoma 7 1 Big 12
85%
Week 9 (10/28) 5 Oklahoma 7 1 Big 12
85%
Week 10 (11/4) 4 Oklahoma 8 1 Big 12
85%
Week 11 (11/11) 3 Oklahoma 9 1 Big 12
85%
Week 12 (11/18) 10 Oklahoma 9 2 Big 12
85%
Week 13 (11/25) 9 Oklahoma 10 2 Big 12
85%
Week 14 (12/2) 3 Oklahoma 11 2 Big 12
85%
Postseason 8 Oklahoma 11 3 Big 12
85%
Preseason 17 Penn State 0 0 Big Ten
85%
Week 1 (9/4) 14 Penn State 1 0 Big Ten
85%
Week 2 (9/9) 12 Penn State 2 0 Big Ten
85%
Week 3 (9/16) 10 Penn State 3 0 Big Ten
85%
Week 4 (9/23) 21 Penn State 3 1 Big Ten
85%
Week 8 (10/21) 24 Penn State 6 2 Big Ten
85%
Preseason 14 UCLA 0 0 Pacific-10
85%
Week 1 (9/4) 13 UCLA 1 0 Pacific-10
85%
Week 2 (9/9) 11 UCLA 2 0 Pacific-10
85%
Week 8 (10/21) 21 Virginia 7 1 ACC
85%
Week 10 (11/4) 23 Virginia 8 2 ACC
85%
Week 11 (11/11) 16 Virginia 9 2 ACC
85%
Week 12 (11/18) 16 Virginia 9 2 ACC
85%
Week 13 (11/25) 22 Virginia 9 3 ACC
85%
Week 14 (12/2) 21 Virginia 9 3 ACC
85%
Preseason 9 Virginia Tech 0 0 ACC
85%
Week 1 (9/4) 9 Virginia Tech 1 0 ACC
85%
Week 2 (9/9) 18 Virginia Tech 1 1 ACC
85%
Week 3 (9/16) 17 Virginia Tech 2 1 ACC
85%
Week 4 (9/23) 17 Virginia Tech 3 1 ACC
85%
Week 5 (9/30) 15 Virginia Tech 4 1 ACC
85%
Week 6 (10/7) 12 Virginia Tech 5 1 ACC
85%
Week 7 (10/14) 11 Virginia Tech 6 1 ACC
85%
Week 8 (10/21) 8 Virginia Tech 6 1 ACC
85%
Week 9 (10/28) 11 Virginia Tech 6 2 ACC
85%
Week 10 (11/4) 11 Virginia Tech 7 2 ACC
85%
Week 11 (11/11) 10 Virginia Tech 8 2 ACC
85%
Week 12 (11/18) 8 Virginia Tech 9 2 ACC
85%
Week 13 (11/25) 6 Virginia Tech 10 2 ACC
85%
Week 14 (12/2) 5 Virginia Tech 11 2 ACC
85%
Postseason 9 Virginia Tech 11 3 ACC
85%
Week 3 (9/16) 25 Missouri 3 0 Big 12
81%
Week 4 (9/23) 20 Missouri 4 0 Big 12
81%
Week 5 (9/30) 17 Missouri 4 0 Big 12
81%
Week 6 (10/7) 11 Missouri 5 0 Big 12
81%
Week 7 (10/14) 15 Missouri 5 1 Big 12
81%
Week 8 (10/21) 13 Missouri 6 1 Big 12
81%
Week 9 (10/28) 9 Missouri 7 1 Big 12
81%
Week 10 (11/4) 7 Missouri 8 1 Big 12
81%
Week 11 (11/11) 6 Missouri 9 1 Big 12
81%
Week 12 (11/18) 3 Missouri 10 1 Big 12
81%
Week 13 (11/25) 1 Missouri 11 1 Big 12
81%
Week 14 (12/2) 7 Missouri 11 2 Big 12
81%
Postseason 4 Missouri 12 2 Big 12
81%
Preseason 15 Tennessee 0 0 SEC
81%
Week 1 (9/4) 24 Tennessee 0 1 SEC
81%
Week 2 (9/9) 22 Tennessee 1 1 SEC
81%
Week 6 (10/7) 25 Tennessee 3 2 SEC
81%
Week 7 (10/14) 20 Tennessee 4 2 SEC
81%
Week 9 (10/28) 24 Tennessee 5 3 SEC
81%
Week 10 (11/4) 22 Tennessee 6 3 SEC
81%
Week 11 (11/11) 19 Tennessee 7 3 SEC
81%
Week 12 (11/18) 19 Tennessee 8 3 SEC
81%
Week 13 (11/25) 14 Tennessee 9 3 SEC
81%
Week 14 (12/2) 16 Tennessee 9 4 SEC
81%
Postseason 12 Tennessee 10 4 SEC
81%
Preseason 3 West Virginia 0 0 Big East
81%
Week 1 (9/4) 3 West Virginia 1 0 Big East
81%
Week 2 (9/9) 4 West Virginia 2 0 Big East
81%
Week 3 (9/16) 5 West Virginia 3 0 Big East
81%
Week 4 (9/23) 5 West Virginia 4 0 Big East
81%
Week 5 (9/30) 13 West Virginia 4 1 Big East
81%
Week 6 (10/7) 8 West Virginia 5 1 Big East
81%
Week 7 (10/14) 9 West Virginia 5 1 Big East
81%
Week 8 (10/21) 6 West Virginia 6 1 Big East
81%
Week 9 (10/28) 7 West Virginia 7 1 Big East
81%
Week 10 (11/4) 6 West Virginia 7 1 Big East
81%
Week 11 (11/11) 5 West Virginia 8 1 Big East
81%
Week 12 (11/18) 4 West Virginia 9 1 Big East
81%
Week 13 (11/25) 2 West Virginia 10 1 Big East
81%
Week 14 (12/2) 11 West Virginia 10 2 Big East
81%
Postseason 6 West Virginia 11 2 Big East
81%
Week 1 (9/4) 25 Clemson 1 0 ACC
77%
Week 2 (9/9) 20 Clemson 2 0 ACC
77%
Week 3 (9/16) 15 Clemson 3 0 ACC
77%
Week 4 (9/23) 13 Clemson 4 0 ACC
77%
Week 5 (9/30) 22 Clemson 4 1 ACC
77%
Week 9 (10/28) 25 Clemson 6 2 ACC
77%
Week 10 (11/4) 20 Clemson 7 2 ACC
77%
Week 11 (11/11) 15 Clemson 8 2 ACC
77%
Week 12 (11/18) 21 Clemson 8 3 ACC
77%
Week 13 (11/25) 16 Clemson 9 3 ACC
77%
Week 14 (12/2) 15 Clemson 9 3 ACC
77%
Postseason 21 Clemson 9 4 ACC
77%
Preseason 7 Wisconsin 0 0 Big Ten
77%
Week 1 (9/4) 5 Wisconsin 1 0 Big Ten
77%
Week 2 (9/9) 7 Wisconsin 2 0 Big Ten
77%
Week 3 (9/16) 9 Wisconsin 3 0 Big Ten
77%
Week 4 (9/23) 9 Wisconsin 4 0 Big Ten
77%
Week 5 (9/30) 5 Wisconsin 5 0 Big Ten
77%
Week 6 (10/7) 19 Wisconsin 5 1 Big Ten
77%
Week 11 (11/11) 24 Wisconsin 8 3 Big Ten
77%
Week 12 (11/18) 22 Wisconsin 9 3 Big Ten
77%
Week 13 (11/25) 19 Wisconsin 9 3 Big Ten
77%
Week 14 (12/2) 18 Wisconsin 9 3 Big Ten
77%
Postseason 24 Wisconsin 9 4 Big Ten
77%
Week 2 (9/9) 21 Boston College 2 0 ACC
73%
Week 3 (9/16) 14 Boston College 3 0 ACC
73%
Week 4 (9/23) 12 Boston College 4 0 ACC
73%
Week 5 (9/30) 7 Boston College 5 0 ACC
73%
Week 6 (10/7) 4 Boston College 6 0 ACC
73%
Week 7 (10/14) 3 Boston College 7 0 ACC
73%
Week 8 (10/21) 2 Boston College 7 0 ACC
73%
Week 9 (10/28) 2 Boston College 8 0 ACC
73%
Week 10 (11/4) 8 Boston College 8 1 ACC
73%
Week 11 (11/11) 18 Boston College 8 2 ACC
73%
Week 12 (11/18) 15 Boston College 9 2 ACC
73%
Week 13 (11/25) 12 Boston College 10 2 ACC
73%
Week 14 (12/2) 14 Boston College 10 3 ACC
73%
Postseason 10 Boston College 11 3 ACC
73%
Preseason 12 California 0 0 Pacific-10
73%
Week 1 (9/4) 10 California 1 0 Pacific-10
73%
Week 2 (9/9) 8 California 2 0 Pacific-10
73%
Week 3 (9/16) 6 California 3 0 Pacific-10
73%
Week 4 (9/23) 6 California 4 0 Pacific-10
73%
Week 5 (9/30) 3 California 5 0 Pacific-10
73%
Week 6 (10/7) 2 California 5 0 Pacific-10
73%
Week 7 (10/14) 10 California 5 1 Pacific-10
73%
Week 8 (10/21) 18 California 5 2 Pacific-10
73%
Week 10 (11/4) 24 California 6 3 Pacific-10
73%
Week 5 (9/30) 24 Kansas State 3 1 Big 12
73%
Week 7 (10/14) 25 Kansas State 4 2 Big 12
73%
Postseason 25 Oregon State 9 4 Pacific-10
73%
Week 4 (9/23) 23 Arizona State 4 0 Pacific-10
69%
Week 5 (9/30) 18 Arizona State 5 0 Pacific-10
69%
Week 6 (10/7) 14 Arizona State 6 0 Pacific-10
69%
Week 7 (10/14) 12 Arizona State 7 0 Pacific-10
69%
Week 8 (10/21) 7 Arizona State 7 0 Pacific-10
69%
Week 9 (10/28) 6 Arizona State 8 0 Pacific-10
69%
Week 10 (11/4) 9 Arizona State 8 1 Pacific-10
69%
Week 11 (11/11) 9 Arizona State 9 1 Pacific-10
69%
Week 12 (11/18) 7 Arizona State 9 1 Pacific-10
69%
Week 13 (11/25) 13 Arizona State 9 2 Pacific-10
69%
Week 14 (12/2) 12 Arizona State 10 2 Pacific-10
69%
Postseason 16 Arizona State 10 3 Pacific-10
69%
Preseason 21 Arkansas 0 0 SEC
69%
Week 1 (9/4) 18 Arkansas 1 0 SEC
69%
Week 2 (9/9) 16 Arkansas 1 0 SEC
69%
Week 14 (12/2) 25 Arkansas 8 4 SEC
69%
Preseason 18 Auburn 0 0 SEC
69%
Week 1 (9/4) 17 Auburn 1 0 SEC
69%
Week 6 (10/7) 22 Auburn 4 2 SEC
69%
Week 7 (10/14) 18 Auburn 5 2 SEC
69%
Week 8 (10/21) 23 Auburn 5 3 SEC
69%
Week 9 (10/28) 19 Auburn 6 3 SEC
69%
Week 10 (11/4) 18 Auburn 7 3 SEC
69%
Week 12 (11/18) 25 Auburn 7 4 SEC
69%
Week 13 (11/25) 23 Auburn 8 4 SEC
69%
Week 14 (12/2) 22 Auburn 8 4 SEC
69%
Postseason 15 Auburn 9 4 SEC
69%
Preseason 25 Texas A&M 0 0 Big 12
69%
Week 1 (9/4) 23 Texas A&M 1 0 Big 12
69%
Week 2 (9/9) 25 Texas A&M 2 0 Big 12
69%
Week 3 (9/16) 20 Texas A&M 3 0 Big 12
69%
Week 3 (9/16) 21 Kentucky 3 0 SEC
65%
Week 4 (9/23) 14 Kentucky 4 0 SEC
65%
Week 5 (9/30) 8 Kentucky 5 0 SEC
65%
Week 6 (10/7) 17 Kentucky 5 1 SEC
65%
Week 7 (10/14) 8 Kentucky 6 1 SEC
65%
Week 8 (10/21) 14 Kentucky 6 2 SEC
65%
Week 10 (11/4) 25 Kentucky 6 3 SEC
65%
Week 11 (11/11) 22 Kentucky 7 3 SEC
65%
Preseason 20 Nebraska 0 0 Big 12
65%
Week 1 (9/4) 16 Nebraska 1 0 Big 12
65%
Week 2 (9/9) 14 Nebraska 2 0 Big 12
65%
Week 3 (9/16) 24 Nebraska 2 1 Big 12
65%
Week 4 (9/23) 25 Nebraska 3 1 Big 12
65%
Week 5 (9/30) 25 Nebraska 4 1 Big 12
65%
Preseason 24 Boise State 0 0 WAC
62%
Week 1 (9/4) 22 Boise State 1 0 WAC
62%
Week 9 (10/28) 22 Boise State 7 1 WAC
62%
Week 10 (11/4) 19 Boise State 8 1 WAC
62%
Week 11 (11/11) 17 Boise State 9 1 WAC
62%
Week 12 (11/18) 17 Boise State 10 1 WAC
62%
Week 13 (11/25) 24 Boise State 10 2 WAC
62%
Week 14 (12/2) 24 Boise State 10 2 WAC
62%
Week 7 (10/14) 22 Texas Tech 6 1 Big 12
62%
Postseason 22 Texas Tech 9 4 Big 12
62%
Preseason 23 Hawai'i 0 0 WAC
58%
Week 1 (9/4) 20 Hawai'i 1 0 WAC
58%
Week 2 (9/9) 24 Hawai'i 2 0 WAC
58%
Week 3 (9/16) 19 Hawai'i 3 0 WAC
58%
Week 4 (9/23) 19 Hawai'i 4 0 WAC
58%
Week 5 (9/30) 16 Hawai'i 5 0 WAC
58%
Week 6 (10/7) 16 Hawai'i 6 0 WAC
58%
Week 7 (10/14) 17 Hawai'i 7 0 WAC
58%
Week 8 (10/21) 16 Hawai'i 7 0 WAC
58%
Week 9 (10/28) 12 Hawai'i 8 0 WAC
58%
Week 10 (11/4) 14 Hawai'i 8 0 WAC
58%
Week 11 (11/11) 13 Hawai'i 9 0 WAC
58%
Week 12 (11/18) 14 Hawai'i 10 0 WAC
58%
Week 13 (11/25) 11 Hawai'i 11 0 WAC
58%
Week 14 (12/2) 10 Hawai'i 12 0 WAC
58%
Postseason 19 Hawai'i 12 1 WAC
58%
Week 2 (9/9) 17 South Carolina 2 0 SEC
58%
Week 3 (9/16) 12 South Carolina 3 0 SEC
58%
Week 4 (9/23) 16 South Carolina 3 1 SEC
58%
Week 5 (9/30) 11 South Carolina 4 1 SEC
58%
Week 6 (10/7) 7 South Carolina 5 1 SEC
58%
Week 7 (10/14) 6 South Carolina 6 1 SEC
58%
Week 8 (10/21) 15 South Carolina 6 2 SEC
58%
Week 9 (10/28) 23 South Carolina 6 3 SEC
58%
Preseason 22 TCU 0 0 Mountain West
58%
Week 1 (9/4) 19 TCU 1 0 Mountain West
58%
Week 3 (9/16) 23 South Florida 2 0 Big East
54%
Week 4 (9/23) 18 South Florida 3 0 Big East
54%
Week 5 (9/30) 6 South Florida 4 0 Big East
54%
Week 6 (10/7) 5 South Florida 5 0 Big East
54%
Week 7 (10/14) 2 South Florida 6 0 Big East
54%
Week 8 (10/21) 11 South Florida 6 1 Big East
54%
Week 9 (10/28) 20 South Florida 6 2 Big East
54%
Week 13 (11/25) 25 South Florida 9 3 Big East
54%
Week 14 (12/2) 23 South Florida 9 3 Big East
54%
Week 1 (9/4) 21 Georgia Tech 1 0 ACC
50%
Week 2 (9/9) 15 Georgia Tech 2 0 ACC
50%
Preseason 10 Louisville 0 0 Big East
50%
Week 1 (9/4) 8 Louisville 1 0 Big East
50%
Week 2 (9/9) 9 Louisville 2 0 Big East
50%
Week 3 (9/16) 18 Louisville 2 1 Big East
50%
Week 9 (10/28) 16 UConn 7 1 Big East
50%
Week 10 (11/4) 16 UConn 8 1 Big East
50%
Week 11 (11/11) 25 UConn 8 2 Big East
50%
Week 12 (11/18) 20 UConn 9 2 Big East
50%
Week 12 (11/18) 23 BYU 8 2 Mountain West
46%
Week 13 (11/25) 21 BYU 9 2 Mountain West
46%
Week 14 (12/2) 19 BYU 10 2 Mountain West
46%
Postseason 14 BYU 11 2 Mountain West
46%
Week 6 (10/7) 18 Illinois 5 1 Big Ten
46%
Week 11 (11/11) 20 Illinois 8 3 Big Ten
46%
Week 12 (11/18) 18 Illinois 9 3 Big Ten
46%
Week 13 (11/25) 15 Illinois 9 3 Big Ten
46%
Week 14 (12/2) 13 Illinois 9 3 Big Ten
46%
Postseason 20 Illinois 9 4 Big Ten
46%
Week 4 (9/23) 24 Cincinnati 4 0 Big East
42%
Week 5 (9/30) 20 Cincinnati 5 0 Big East
42%
Week 6 (10/7) 15 Cincinnati 6 0 Big East
42%
Week 7 (10/14) 23 Cincinnati 6 1 Big East
42%
Week 11 (11/11) 21 Cincinnati 8 2 Big East
42%
Week 12 (11/18) 24 Cincinnati 8 3 Big East
42%
Week 13 (11/25) 20 Cincinnati 9 3 Big East
42%
Week 14 (12/2) 20 Cincinnati 9 3 Big East
42%
Postseason 17 Cincinnati 10 3 Big East
42%
Week 5 (9/30) 23 Purdue 5 0 Big Ten
42%
Preseason 16 Rutgers 0 0 Big East
42%
Week 1 (9/4) 15 Rutgers 1 0 Big East
42%
Week 2 (9/9) 13 Rutgers 2 0 Big East
42%
Week 3 (9/16) 11 Rutgers 3 0 Big East
42%
Week 4 (9/23) 10 Rutgers 3 0 Big East
42%
Week 5 (9/30) 21 Rutgers 3 1 Big East
42%
Week 8 (10/21) 25 Rutgers 5 2 Big East
42%
Week 9 (10/28) 21 Wake Forest 6 2 ACC
38%
No matching quizzes found
Score Distribution
Percent of People with Each Score
Percentile by Number Answered
Your Score History
You have not taken this quiz